What color is your parachute? for college : (Registro nro. 323727)

Detalles MARC
000 -ENCABEZADO
Número de control [NR] 00826nam a22002297a 4500
005 - FECHA Y HORA DE LA ÚLTIMA TRANSACCIÓN
control field 20240116074406.0
008 - DE LONGITUD FIJA DE DATOS DE ELEMENTOS - INFORMACIÓN GENERAL
Elementos de longitud fija [NR] 240116b ||||| |||| 00| 0 eng d
020 ## - NUMERO INTERNACIONAL NORMALIZADO PARA LIBROS [R]
Número Internacional Normalizado del libro [NR] 9781984857569
040 ## - FUENTE DE CATALOGACION [NR]
Agencia de catalogación original [NR] CO-BoUCM
Quien Cataloga David Moreno
Quien Clasifica David Moreno
041 ## - CODIGO DE IDIOMA [R]
Código de idioma para texto/pista de sonido o título separado [R] Inglés
100 1# - ASIENTO PRINCIPAL--NOMBRE PERSONAL [NR]
Nombre personal [NR] Brooks, Katharine
ID Autoridad 179717
245 10 - MENCION DE TITULO [NR]
Título [NR] What color is your parachute? for college :
Parte restante del título [NR] pave your path from major to meaningful work /
Mención de responsabilidad, etc. [NR] Katharine Brooks.
250 ## - MENCION DE EDICION [NR]
Mención de edición [NR] 1a edición
260 ## - PUBLICACION, DISTRIBUCION, ETC. (PIE DE IMPRENTA) [R]
Lugar de publicación, distribución, etc. [R] California
Nombre del editor, distribuidor, etc. [R] Ten Speed Press
Fecha de publicación, distribución, etc. [R] [2021]
300 ## - DESCRIPCION FISICA [R]
Extensión [R] 263 Paginas
Otros detalles físicos [NR] ilustraciones
650 14 - ASIENTO SECUNDARIO DE MATERIA - TERMINO TEMATICO [R]
Término temático o nombre geográfico como elemento de entrada [NR] Desarrollo profesional
9 (RLIN) 12984
650 14 - ASIENTO SECUNDARIO DE MATERIA - TERMINO TEMATICO [R]
Término temático o nombre geográfico como elemento de entrada [NR] Búsqueda de empleo
9 (RLIN) 10251
650 14 - ASIENTO SECUNDARIO DE MATERIA - TERMINO TEMATICO [R]
Término temático o nombre geográfico como elemento de entrada [NR] Carreras universitarias
9 (RLIN) 179718
650 14 - ASIENTO SECUNDARIO DE MATERIA - TERMINO TEMATICO [R]
Término temático o nombre geográfico como elemento de entrada [NR] Entrevistas de empleo
9 (RLIN) 29049
942 ## - ELEMENTOS DE ENTRADA AGREGADOS (KOHA)
Sistema de clasificación DEWEY
Tema principal Administración
Tipo de ítem principal el descrito en 300a Libro
Edición 1
Clasificación 650.14
Parte restante de la signatura top. B873w
Título oculto en OPAC No
Existencias
Total préstamos Signatura topográfica Código de barras Última vez visto Ejemplar Price effective from Tipo de ítem Perdido Sistema de clasificación Dañado No prestable Tipo de ítem específico Suprimido Ubicación habitual Ubicación actual Localización Fecha de creación Forma de adquisición Costo
  650.14 B873w 100172245 10/12/2025 Ej.1 16/01/2024 Libro de Reserva   DEWEY     Libro de Reserva   Sede del emprendimiento y la innovación Sede del Emprendimiento, Innovación y Creación 1er piso 16/01/2024 Compra 96516.00